Every 100,000+ City in Cambodia in Order - Statistics

General Stats
  • This quiz has been taken 30 times
    9 since last reset
  • The average score is 3 of 9
Answer Stats
Letter Population City % Correct
P-P 2,756,316 Phnom Penh
100%
S-R 288,536 Siem Reap
83%
B 186,295 Battambang
33%
P 104,034 Poipet
17%
S-S 112,178 Serei Saophoan
17%
S 161,430 Sihanoukville
17%
C-M 103,076 Chbar Mon
0%
K-T 105,390 Kampong Thom
0%
T-K 110,530 Ta Khmau
0%
No matching quizzes found
Score Distribution
Percent of People with Each Score
Percentile by Number Answered
Your Score History
You have not taken this quiz since the last reset